| 000 | 00783nam a2200193 i 4500 | ||
|---|---|---|---|
| 001 | 162560 | ||
| 003 | ES-MaACL | ||
| 005 | 20250929063236.0 | ||
| 008 | 010730q18751900fr a |||| | fre d | ||
| 040 |
_aCCPB | B _bspa _cCCPB | B |
||
| 100 | 1 |
_aPrévost, Marcel, _d1862-1941 _993819 |
|
| 245 | 1 | 0 |
_aLettres de femmes / _cMarcel Prévost ; illustrations de H. Gerbault. |
| 260 |
_aParis : _bLibrairie Alphonse Lemerre, _c[s.a.] |
||
| 300 |
_a284 p. : _bil. ; _c19 cm. |
||
| 596 | _aEl editor trabaja en el último tercio del S. XIX. | ||
| 700 | 1 |
_aGerbault, H. _9127292 |
|
| 852 |
_aES-MaACL _jG-3240 _z-- Enc. hol., conservando la cub. original _x-- Edic.: La BN Opale-Plus lo fecha ca. 1895 -- Añadir T440 (Collection de romans illustrés) |
||
| 999 |
_c162560 _d162560 |
||